[Event "Michigan Juniors"]
[Site "East Grand Rapids"]
[Date "2005.03.20"]
[Round "4.2"]
[White "Budzenski, Jonathan"]
[Black "Moroney, Timothy"]
[Result "0-1"]
[WhiteElo "1720"]
[BlackElo "1905"]
[PlyCount "119"]
[EventDate "2005.03.19"]
[EventType "swiss"]
[EventRounds "5"]
[EventCountry "USA"]
[SourceTitle "EXT 2006"]
[Source "ChessBase"]
[SourceDate "2005.11.24"]
[SourceVersion "1"]
[SourceVersionDate "2005.11.24"]
[SourceQuality "1"]

1. e4 e6 2. d4 d5 3. exd5 exd5 4. c4 Bb4+ 5. Nc3 Bf5 6. a3 Bxc3+ 7. bxc3 Ne7 8. Nf3 c6 9. Bf4 Ng6 10. Bg3 Qe7+ 11. Qe2 Nd7 12. Qxe7+ Kxe7 13. c5 f6 14. Kd2 Kf7 15. Bd3 Bxd3 16. Kxd3 b6 17. Bd6 Ne7 18. cxb6 axb6 19. Bxe7 Kxe7 20. Nd2 Ra4 21. Ra2 Rha8 22. Rha1 Kd6 23. Nf1 b5 24. Ne3 g6 25. Nc2 Nb6 26. Ne3 Nc4 27. Nc2 Kd7 28. Ke2 Nd6 29. Kd3 Ne4 30. f3 Nd6 31. Ne3 h5 32. Ke2 Nc4 33. Nc2 Kd6 34. Kd3 g5 35. h3 f5 36. Ke2 Re8+ 37. Kf2 f4 38. Re1 Rea8 39. Rea1 Ke6 40. Re1+ Kd7 41. Rea1 Kd6 42. Kf1 g4 43. fxg4 hxg4 44. hxg4 Rg8 45. Kf2 Rxg4 46. Kf3 Rg3+ 47. Kxf4 Rxg2 48. Kf3 Rd2 49. Nb4 c5 50. dxc5+ Kxc5 51. Rxd2 Nxd2+ 52. Ke2 Nb3 53. Rd1 Rxa3 54. Rxd5+ Kc4 55. Rh5 Kxc3 56. Rxb5 Nd4+ 57. Ke3 Nxb5 58. Nd5+ Kc4+ 59. Ke4 Nd6+ 60. Ke5 0-1

[Event "Lansing op"]
[Site "Lansing"]
[Date "2004.09.06"]
[Round "6"]
[White "Budzenski, Jonathan"]
[Black "Gabbara, Faris"]
[Result "1-0"]
[WhiteElo "1502"]
[BlackElo "2050"]
[PlyCount "122"]
[EventDate "2004.09.03"]
[EventType "swiss"]
[EventRounds "7"]
[EventCountry "USA"]
[SourceTitle "EXT 2007"]
[Source "ChessBase"]
[SourceDate "2006.11.23"]
[SourceVersion "1"]
[SourceVersionDate "2006.11.23"]
[SourceQuality "1"]

1. e4 c5 2. Nf3 d6 3. d4 cxd4 4. Nxd4 Nf6 5. Nc3 a6 6. Bg5 e6 7. Be2 Be7 8. Qd2 b5 9. a3 Bb7 10. f3 Nbd7 11. 0-0 h6 12. Be3 Ne5 13. Rad1 Nc4 14. Bxc4 bxc4 15. Nde2 Qa5 16. Nf4 g5 17. Nfe2 Rd8 18. Rf2 Bc6 19. Nd4 Bd7 20. h3 e5 21. Nde2 Be6 22. Nd5 Qxd2 23. Nxf6+ Bxf6 24. Bxd2 0-0 25. Bb4 Be7 26. Nc3 Rd7 27. Rfd2 Rb8 28. Nd5 Bd8 29. Ne3 Bb6 30. Kf2 Rbd8 31. Ke2 Bxe3 32. Kxe3 d5 33. exd5 Bxd5 34. Ba5 Rb8 35. Rxd5 Rxd5 36. Rxd5 Rxb2 37. Kd2 f6 38. Rd6 Kf7 39. Rxa6 Rb1 40. Bb6 Rh1 41. Bd8 Rh2 42. Rxf6+ Kg7 43. Rf5 Rxg2+ 44. Kc3 Rg3 45. Bc7 Kg6 46. Bxe5 Rxh3 47. Rf6+ Kh5 48. Kxc4 g4 49. fxg4+ Kxg4 50. a4 h5 51. a5 Ra3 52. a6 h4 53. Kb5 h3 54. Kb6 Ra2 55. a7 Kg5 56. Rf8 h2 57. Bxh2 Rb2+ 58. Ka6 Ra2+ 59. Kb7 Rb2+ 60. Ka8 Rxc2 61. Bg1 Rb2 1-0

[Event "East Grand Rapids op"]
[Site "East Grand Rapids"]
[Date "2004.03.27"]
[Round "3"]
[White "Payne, Ashlee"]
[Black "Budzenski, Jonathan"]
[Result "1/2-1/2"]
[WhiteElo "1123"]
[BlackElo "1605"]
[PlyCount "90"]
[EventDate "2004.03.27"]
[EventType "swiss"]
[EventRounds "5"]
[EventCountry "USA"]
[SourceTitle "EXT 2007"]
[Source "ChessBase"]
[SourceDate "2006.11.23"]
[SourceVersion "1"]
[SourceVersionDate "2006.11.23"]
[SourceQuality "1"]

1. d4 Nf6 2. Nc3 d5 3. Bf4 Bf5 4. e3 e6 5. Bd3 Bg6 6. Bxg6 hxg6 7. Nf3 Nbd7 8. Nb5 Bd6 9. Bxd6 cxd6 10. Nxd6+ Kf8 11. Nb5 Ne4 12. Qd3 Ndf6 13. Ne5 Nd6 14. Qa3 Nfe8 15. Nxd6 Nxd6 16. c4 Kg8 17. cxd5 exd5 18. 0-0 Qh4 19. h3 Ne4 20. Nf3 Qh5 21. Qe7 g5 22. Qe5 Rd8 23. Rad1 Qh6 24. Qh2 Qg6 25. g4 f5 26. Ne5 Qe6 27. f3 Nf6 28. Rd2 fxg4 29. fxg4 Rh6 30. Rc2 Rc8 31. Rg2 Nd7 32. Rgf2 Nxe5 33. dxe5 Re8 34. Rf5 Qe7 35. Qg2 Kh8 36. Kh2 g6 37. R5f3 Qxe5+ 38. Kh1 Kg8 39. Qf2 Qe7 40. Rf7 Qd6 41. Kg2 Rh8 42. Rf6 Qe7 43. Rf7 Qd6 44. Rf6 Qe7 45. Rf7 Qd6 1/2-1/2

[Event "Auburn Hills op"]
[Site "Auburn Hills"]
[Date "2003.04.27"]
[Round "4"]
[White "Budzenski, Jonathan"]
[Black "Cohle, Stephen"]
[Result "1-0"]
[WhiteElo "1231"]
[BlackElo "1010"]
[PlyCount "52"]
[EventDate "2003.04.26"]
[EventType "swiss"]
[EventRounds "5"]
[EventCountry "USA"]
[SourceTitle "EXT 2007"]
[Source "ChessBase"]
[SourceDate "2006.11.23"]
[SourceVersion "1"]
[SourceVersionDate "2006.11.23"]
[SourceQuality "1"]

1. e4 e5 2. Nf3 Nc6 3. d4 d6 4. d5 Nce7 5. Nc3 Nf6 6. Be2 c6 7. 0-0 g6 8. Bg5 Bg7 9. Qd2 0-0 10. Rad1 b5 11. dxc6 Ne8 12. Bxb5 Qc7 13. Bxe7 Qxe7 14. Nd5 Qd8 15. b3 Be6 16. Rfe1 Nc7 17. Nxc7 Qxc7 18. Qxd6 Qb6 19. Be2 Rad8 20. Qa3 Qxc6 21. Bd3 Qb6 22. Qa6 Qc7 23. Bc4 Bg4 24. Be2 Rde8 25. Qc4 Qe7 26. Qd3 f5 1-0